| 000 | 00934nam a22002897a 4500 | ||
|---|---|---|---|
| 003 | CHAP | ||
| 005 | 20220329141623.0 | ||
| 008 | 971013s1986 r 00010 d | ||
| 010 | _a71159 | ||
| 011 | _a72131 | ||
| 035 | _a81685 | ||
| 040 | _cCHAP | ||
| 082 |
_a389 _bG3 |
||
| 100 | 0 | 0 |
_aGalicia Sánchez, H. Roberto. _944268 |
| 245 | _aMetrología geométrica dimensional | ||
| 260 |
_aMéxico, D.F. : _bEl autor, _c1986 |
||
| 300 |
_a187 p. _b: ilus. |
||
| 590 |
_aBATCH-UPD _b10 _c20130110 _lUCH01 _h1020 |
||
| 590 |
_aBATCH-UPD _b10 _c20130410 _lUCH01 _h0626 |
||
| 590 |
_aBATCH-UPD _b10 _c20130914 _lUCH01 _h1815 |
||
| 590 |
_aCONVERSION _b10 _c20130109 _lUCH01 _h1339 |
||
| 650 | 1 | 4 |
_aMetrología. _975241 |
| 901 | _aBK | ||
| 942 | _cLIBRO | ||
| 949 |
_a389 G3 _bBC _cLIBRO _d33724000433371 _eLIBRO _fc.2 _gI.c/e Dir _h68645 _i81685 _si _t3600.00 |
||
| 949 |
_a389 G3 _bBC _cLIBRO _d33724000433389 _eLIBRO _gI.c/e Dir _h68644 _i81685 _si _t3600.00 |
||
| 999 |
_c71159 _d71159 |
||